Geography Quiz

Random Geography or City Quiz
Score 0/46 Timer 15:00
0 Plays Today
Country City % Correct
AustraliaSydney
89.4%
ArgentinaBuenos Aires
87.6%
AustraliaMelbourne
85.8%
ChileSantiago
85%
BrazilSao Paulo
83.2%
South AfricaJohannesburg
82.3%
South AfricaCape Town
82.3%
UruguayMontevideo
77%
AustraliaPerth
77%
New ZealandAuckland
75.2%
New ZealandWellington
70.8%
AustraliaBrisbane
69%
ParaguayAsuncion
68.1%
South AfricaDurban
68.1%
AustraliaAdelaide
68.1%
South AfricaPretoria
66.4%
New ZealandChristchurch
63.7%
MozambiqueMaputo
59.3%
AustraliaCanberra
56.6%
BrazilPorto Alegre
51.3%
South AfricaPort Elizabeth
50.4%
ArgentinaRosario
48.7%
ArgentinaCordoba
46.9%
Country City % Correct
ChileValparaiso
44.2%
AustraliaGold Coast
42.5%
BrazilCuritiba
38.9%
ArgentinaMendoza
35.4%
BrazilFlorianopolis
32.7%
AustraliaNewcastle
28.3%
ChileConcepcion
25.7%
ArgentinaMar del Plata
25.7%
BrazilSantos
24.8%
ArgentinaLa Plata
23.9%
ArgentinaSanta Fe
23.9%
ArgentinaSalta
22.1%
South AfricaSoweto
22.1%
ArgentinaTucuman
18.6%
BrazilJoinville
15.9%
ArgentinaSan Juan
15.9%
South AfricaPietermaritzburg
14.2%
ArgentinaResistencia
13.3%
BrazilCaxias do Sul
10.6%
BrazilPelotas
10.6%
BrazilSorocaba
7.1%
MozambiqueMatola
7.1%
South AfricaBenoni
6.2%
Remove Ads.
Support Sporcle.
Get the best of Sporcle when you Go Orange. This ad-free experience offers more features, more stats, and more fun while also helping to support Sporcle. Thank you for becoming a member.

You're not logged in!

Compare scores with friends on all Sporcle quizzes.
OR
Log In

Show Comments

Extras

Created Jul 6, 2012ReportNominate
Tags:City Quiz, Capricorn, south, tropic

Top Quizzes Today


Score Distribution

Your Account Isn't Verified!

In order to create a playlist on Sporcle, you need to verify the email address you used during registration. Go to your Sporcle Settings to finish the process.

Report this User

Report this user for behavior that violates our Community Guidelines.

Details: